[Event "BEL-chT 2122"]
[Site "Belgium"]
[Date "2022.02.20"]
[Round "8.4"]
[White "Odendahl, Reiner"]
[Black "Veltkamp, Gerben"]
[Result "1-0"]
[WhiteElo "2336"]
[BlackElo "2110"]
[PlyCount "81"]
[EventDate "2021.10.24"]
[EventType "team-tourn"]
[EventRounds "11"]
[EventCountry "BEL"]
[SourceTitle "EXT 2023"]
[Source "ChessBase"]
[SourceDate "2022.10.05"]
[SourceVersion "1"]
[SourceVersionDate "2022.10.05"]
[SourceQuality "1"]
[WhiteTeam "KSK Rochade"]
[BlackTeam "Borgerhout"]
[WhiteTeamCountry "BEL"]
[BlackTeamCountry "BEL"]

1. Nf3 d5 2. c4 d4 3. g3 Nc6 4. Bg2 e5 5. d3 Bb4+ 6. Bd2 a5 7. 0-0 h6 8. Na3 Nf6 9. Nc2 Bxd2 10. Nxd2 0-0 11. a3 Bg4 12. Re1 Qd7 13. b4 Bh3 14. Bh1 Rae8 15. Rb1 b6 16. bxa5 Nxa5 17. Rb5 Qd8 18. Qb1 Bd7 19. Rb2 Bc6 20. Bxc6 Nxc6 21. Nb4 Na5 22. Qc2 Qd7 23. c5 Qh3 24. cxb6 cxb6 25. Nc6 Re6 26. Nxa5 Nd5 27. Ne4 Rg6 28. Kh1 bxa5 29. Rb7 Nf6 30. Nxf6+ Rxf6 31. Kg1 Rf5 32. Qc6 Rf6 33. Qe4 Rc8 34. Qxe5 Re6 35. Qd5 Rc2 36. Qf3 Rf6 37. Qe4 Qc8 38. Reb1 Rc1+ 39. Rxc1 Qxc1+ 40. Kg2 Qc8 41. Ra7 1-0

[Event "NED-chT Promotion Liga 1"]
[Site "Netherlands"]
[Date "2021.06.12"]
[Round "1.2"]
[White "Veltkamp, Gerben"]
[Black "Albers, Sasa"]
[Result "1/2-1/2"]
[WhiteElo "2131"]
[BlackElo "2040"]
[PlyCount "82"]
[EventDate "2021.06.12"]
[EventType "team-k.o."]
[EventRounds "2"]
[EventCountry "NED"]
[SourceTitle "EXT 2024"]
[Source "ChessBase"]
[SourceDate "2023.10.10"]
[SourceVersion "1"]
[SourceVersionDate "2023.10.10"]
[SourceQuality "1"]
[WhiteTeam "Paul Keres II"]
[BlackTeam "Arnhem"]
[WhiteTeamCountry "NED"]
[BlackTeamCountry "NED"]

1. e4 c6 2. Nc3 d5 3. Nf3 dxe4 4. Nxe4 Nf6 5. Qe2 Nxe4 6. Qxe4 Nd7 7. Bc4 Nf6 8. Qe2 Bf5 9. Ne5 e6 10. d3 Bd6 11. g4 Qa5+ 12. Bd2 Qxe5 13. Qxe5 Bxe5 14. gxf5 exf5 15. Bb4 Nd5 16. 0-0-0 Bf4+ 17. Bd2 Bxd2+ 18. Kxd2 0-0-0 19. Rde1 Rhe8 20. Bxd5 cxd5 21. Kc3 Kd7 22. Kd4 Kd6 23. Rhg1 g6 24. f4 h6 25. h4 Re6 26. Rxe6+ Kxe6 27. b4 Re8 28. Re1+ Kd7 29. Rxe8 Kxe8 30. Kxd5 Kd7 31. c4 f6 32. a4 g5 33. fxg5 fxg5 34. hxg5 hxg5 35. Ke5 g4 36. Kf4 b6 37. d4 a5 38. b5 Kd6 39. Kg3 Kc7 40. c5 bxc5 41. dxc5 Kb7 1/2-1/2

[Event "Gibraltar Masters 18th"]
[Site "Caleta"]
[Date "2020.01.27"]
[Round "7"]
[White "Paramzina, Anastasya"]
[Black "Veltkamp, Gerben"]
[Result "1/2-1/2"]
[WhiteElo "2224"]
[BlackElo "2140"]
[PlyCount "30"]
[EventDate "2020.01.21"]
[EventType "swiss"]
[EventRounds "10"]
[EventCountry "GGB"]
[SourceTitle "CBM 194 Extra"]
[Source "ChessBase"]
[SourceDate "2020.03.31"]
[SourceVersion "1"]
[SourceVersionDate "2020.03.31"]
[SourceQuality "1"]

1. e4 e5 2. Nf3 Nc6 3. Bc4 Nf6 4. d3 h6 5. c3 d6 6. Nbd2 Qe7 7. Nf1 g6 8. Ng3 Bg7 9. 0-0 Bg4 10. h3 Bxf3 11. Qxf3 0-0 12. b4 Nd8 13. d4 Ne6 14. d5 Ng5 15. Qe2 Nfh7 1/2-1/2

[Event "Utrecht OKU op 46th"]
[Site "Utrecht"]
[Date "2019.06.01"]
[Round "2"]
[White "Lalic, Bogdan"]
[Black "Veltkamp, Gerben"]
[Result "1-0"]
[WhiteElo "2400"]
[BlackElo "2098"]
[PlyCount "65"]
[EventDate "2019.05.31"]
[EventType "swiss"]
[EventRounds "6"]
[EventCountry "NED"]
[SourceTitle "CBM 190 Extra"]
[Source "ChessBase"]
[SourceDate "2019.07.15"]
[SourceVersion "1"]
[SourceVersionDate "2019.07.15"]
[SourceQuality "1"]

1. d4 Nf6 2. c4 c5 3. d5 b5 4. cxb5 a6 5. bxa6 g6 6. Nc3 Bg7 7. a7 Rxa7 8. e4 0-0 9. Nf3 Ba6 10. Bxa6 Nxa6 11. 0-0 Qa8 12. e5 Ng4 13. Re1 e6 14. h3 Nh6 15. Nb5 Rb7 16. Nd6 Rb6 17. dxe6 fxe6 18. Ne4 Kh8 19. Qxd7 Rd8 20. Qa4 Nf5 21. Bg5 Nb4 22. Qxa8 Rxa8 23. Re2 Nd3 24. Bf6 Rb4 25. Rd1 Nxb2 26. Rd7 Na4 27. g4 Nb6 28. Rb7 Nd5 29. Rxb4 cxb4 30. gxf5 gxf5 31. Nc5 Nf4 32. Rd2 Rg8 33. Kh2 1-0

[Event "Gibraltar Masters 17th"]
[Site "Caleta"]
[Date "2019.01.31"]
[Round "10"]
[White "Veltkamp, Gerben"]
[Black "Redondo Flores, David"]
[Result "1-0"]
[WhiteElo "2117"]
[BlackElo "1970"]
[PlyCount "65"]
[EventDate "2019.01.22"]
[EventType "swiss"]
[EventRounds "10"]
[EventCountry "GGB"]
[SourceTitle "CBM 188 Extra"]
[Source "ChessBase"]
[SourceDate "2019.02.26"]
[SourceVersion "1"]
[SourceVersionDate "2019.02.26"]
[SourceQuality "1"]

1. Nf3 d6 2. b4 e5 3. Bb2 f5 4. c4 Nf6 5. e3 Be7 6. Qb3 Be6 7. d4 e4 8. Ng5 Bg8 9. h4 h6 10. Nh3 Ng4 11. h5 Bf7 12. Nf4 Nd7 13. Be2 Ngf6 14. Nc3 c6 15. a4 a6 16. f3 b5 17. Ng6 bxc4 18. Bxc4 Bxg6 19. hxg6 d5 20. fxe4 fxe4 21. Be2 Qb6 22. Ba3 0-0 23. Qa2 Bxb4 24. Bxb4 Qxb4 25. Kd2 Qd6 26. Rab1 Rfb8 27. Rxb8+ Rxb8 28. g4 Qg3 29. Rb1 Nxg4 30. Rxb8+ Nxb8 31. Nxd5 Kh8 32. Qa3 Qf2 33. Qd6 1-0

[Event "Gibraltar Masters 16th"]
[Site "Caleta"]
[Date "2018.01.27"]
[Round "5"]
[White "Opasiak, Dustin Tennessee"]
[Black "Veltkamp, Gerben"]
[Result "0-1"]
[WhiteElo "1797"]
[BlackElo "2123"]
[PlyCount "58"]
[EventDate "2018.01.23"]
[EventType "swiss"]
[EventRounds "10"]
[EventCountry "GGB"]
[SourceTitle "CBM 183"]
[Source "ChessBase"]
[SourceDate "2018.03.14"]
[SourceVersion "1"]
[SourceVersionDate "2018.03.14"]
[SourceQuality "1"]

1. e4 e5 2. Nf3 Nc6 3. Bb5 f5 4. d3 Nf6 5. Nc3 fxe4 6. dxe4 Bb4 7. Bg5 Bxc3+ 8. bxc3 0-0 9. 0-0 d6 10. Nd2 Qe8 11. f3 a6 12. Bc4+ Kh8 13. Qe2 Nh5 14. Rab1 Qg6 15. Be3 Nd8 16. Rf2 a5 17. a4 b6 18. Bd5 Ba6 19. Bc4 Bb7 20. Bd5 Ba6 21. Bc4 Bxc4 22. Qxc4 Ne6 23. Qf1 Rf6 24. Nc4 Raf8 25. Bxb6 cxb6 26. Nxd6 Ng5 27. Nc4 Nxf3+ 28. Kh1 Ng3+ 29. hxg3 Qh6# 0-1

[Event "Gibraltar Masters 16th"]
[Site "Caleta"]
[Date "2018.01.23"]
[Round "1"]
[White "Gunina, Valentina"]
[Black "Veltkamp, Gerben"]
[Result "1-0"]
[WhiteElo "2502"]
[BlackElo "2123"]
[PlyCount "141"]
[EventDate "2018.01.23"]
[EventType "swiss"]
[EventRounds "10"]
[EventCountry "GGB"]
[SourceTitle "CBM 183"]
[Source "ChessBase"]
[SourceDate "2018.03.14"]
[SourceVersion "1"]
[SourceVersionDate "2018.03.14"]
[SourceQuality "1"]

1. e4 e5 2. Nf3 Nc6 3. Bc4 Nf6 4. Ng5 d5 5. exd5 Na5 6. Bb5+ Bd7 7. Bxd7+ Qxd7 8. 0-0 h6 9. Nf3 e4 10. Ne5 Qxd5 11. d4 Nc6 12. Nc3 Qxd4 13. Nxc6 Qxd1 14. Rxd1 bxc6 15. Bf4 Bc5 16. Bxc7 e3 17. fxe3 Bxe3+ 18. Kf1 0-0 19. Rd3 Rfe8 20. Re1 Bg5 21. h3 Rxe1+ 22. Kxe1 Bc1 23. b3 Re8+ 24. Kd1 Bb2 25. Na4 Be5 26. Bxe5 Rxe5 27. Rc3 Nd5 28. Rxc6 Ne3+ 29. Kc1 Nxg2 30. c4 f5 31. c5 Kf7 32. Ra6 Re7 33. Nb2 Ne1 34. c6 f4 35. Ra4 g5 36. Rc4 f3 37. Nd1 Rc7 38. Kd2 Ng2 39. b4 Ke6 40. b5 Rc8 41. Nf2 Rd8+ 42. Kc3 Nf4 43. a4 Nd5+ 44. Kb3 Kd6 45. Rd4 Ke5 46. Re4+ Kf5 47. Rd4 Ke5 48. Rd1 Rf8 49. a5 Rb8 50. Ng4+ Ke4 51. Kc4 Nc7 52. Rd4+ Kf5 53. Nxh6+ Kg6 54. Rd6+ Kh5 55. Nf5 g4 56. h4 g3 57. Nxg3+ Kxh4 58. Nf5+ Kh3 59. Rh6+ Kg2 60. Rh7 Nxb5 61. c7 Rf8 62. Rg7+ Kh2 63. Ne3 a6 64. Kc5 Rc8 65. Kb6 Rxc7 66. Rxc7 Nxc7 67. Kxc7 Kg3 68. Kb6 f2 69. Kxa6 Kf3 70. Nf1 Ke2 71. Nh2 1-0

[Event "BEL-chT 1617"]
[Site "Belgium"]
[Date "2017.03.26"]
[Round "10.8"]
[White "Veltkamp, Gerben"]
[Black "Noiroux, Kevin"]
[Result "1/2-1/2"]
[WhiteElo "2149"]
[BlackElo "2169"]
[PlyCount "63"]
[EventDate "2016.10.02"]
[EventType "team-tourn"]
[EventRounds "11"]
[EventCountry "BEL"]
[SourceTitle "EXT 2018"]
[Source "ChessBase"]
[SourceDate "2017.10.13"]
[SourceVersion "1"]
[SourceVersionDate "2017.10.13"]
[SourceQuality "1"]
[WhiteTeam "Borgerhout"]
[BlackTeam "Amay"]
[WhiteTeamCountry "BEL"]
[BlackTeamCountry "BEL"]

1. Nf3 Nf6 2. c4 e6 3. b3 d5 4. Bb2 Be7 5. e3 0-0 6. Be2 c5 7. 0-0 Nc6 8. cxd5 Nxd5 9. Nc3 Nxc3 10. Bxc3 Bf6 11. Rc1 b6 12. Bxf6 Qxf6 13. d4 Rd8 14. Qc2 Nb4 15. Qe4 Rb8 16. dxc5 bxc5 17. Rxc5 Nxa2 18. Nd4 Bb7 19. Qe5 Qxe5 20. Rxe5 Rd5 21. Rxd5 Bxd5 22. Bf3 Bxf3 23. gxf3 e5 24. Nc6 Rxb3 25. Rd1 f6 26. Rd8+ Kf7 27. Rd7+ Kg6 28. Rxa7 Nc3 29. Kg2 Nd5 30. Rd7 Nc3 31. Rd3 Ra3 32. Ne7+ 1/2-1/2

[Event "BEL-chT 1617"]
[Site "Belgium"]
[Date "2017.02.19"]
[Round "8.8"]
[White "Veltkamp, Gerben"]
[Black "Woudsma, Martijn"]
[Result "1-0"]
[WhiteElo "2149"]
[BlackElo "2173"]
[PlyCount "75"]
[EventDate "2016.10.02"]
[EventType "team-tourn"]
[EventRounds "11"]
[EventCountry "BEL"]
[SourceTitle "EXT 2018"]
[Source "ChessBase"]
[SourceDate "2017.10.13"]
[SourceVersion "1"]
[SourceVersionDate "2017.10.13"]
[SourceQuality "1"]
[WhiteTeam "Borgerhout"]
[BlackTeam "Liege Crelel"]
[WhiteTeamCountry "BEL"]
[BlackTeamCountry "BEL"]

1. e4 g6 2. d4 Bg7 3. Nc3 d6 4. Be3 a6 5. Qd2 b5 6. f3 Nd7 7. h4 h5 8. Nh3 Ngf6 9. Ng5 0-0 10. 0-0-0 Nb6 11. Bd3 e5 12. dxe5 dxe5 13. Bc5 Re8 14. Qe3 Bd7 15. Be2 Qb8 16. Rd2 Rc8 17. Rhd1 Be8 18. g4 a5 19. gxh5 b4 20. Nd5 Nbxd5 21. exd5 Nxh5 22. Bc4 a4 23. Qe4 Nf4 24. Be3 a3 25. b3 f5 26. d6+ Kh8 27. Qxa8 Qxa8 28. d7 Bxd7 29. Rxd7 Rf8 30. Rxg7 Ne2+ 31. Bxe2 Kxg7 32. Rd7+ Kf6 33. Bc4 f4 34. Bc5 Qc8 35. Nh7+ Kf5 36. Nxf8 e4 37. Be6+ Ke5 38. Bd4# 1-0

[Event "Gibraltar Masters 15th"]
[Site "Caleta"]
[Date "2017.01.26"]
[Round "3"]
[White "Veltkamp, Gerben"]
[Black "Henderson de la Fuente, Lance"]
[Result "0-1"]
[WhiteElo "2166"]
[BlackElo "2380"]
[PlyCount "46"]
[EventDate "2017.01.24"]
[EventType "swiss"]
[EventRounds "10"]
[EventCountry "GGB"]
[SourceTitle "CBM 177"]
[Source "ChessBase"]
[SourceDate "2017.03.16"]
[SourceVersion "1"]
[SourceVersionDate "2017.03.16"]
[SourceQuality "1"]

1. e4 e5 2. f4 d5 3. exd5 exf4 4. Nf3 Nf6 5. c4 c6 6. d4 cxd5 7. Bxf4 Bb4+ 8. Nc3 0-0 9. Qb3 Nc6 10. 0-0-0 dxc4 11. Bxc4 Bxc3 12. Ne5 Na5 13. Bxf7+ Kh8 14. Qxc3 Bf5 15. g4 Be4 16. Be6 Nd5 17. Qc5 Qf6 18. Bf5 Bxf5 19. Qxd5 Rac8+ 20. Kd2 Be6 21. Qxa5 Qxf4+ 22. Kd3 Rfd8 23. Qxa7 Qxe5 0-1

[Event "BEL-chT 1516"]
[Site "Belgium"]
[Date "2016.04.17"]
[Round "10.7"]
[White "Lenaerts, Lennert"]
[Black "Veltkamp, Gerben"]
[Result "1/2-1/2"]
[WhiteElo "2268"]
[BlackElo "2139"]
[PlyCount "88"]
[EventDate "2015.09.27"]
[EventType "team-tourn"]
[EventRounds "11"]
[EventCountry "BEL"]
[SourceTitle "EXT 2017"]
[Source "ChessBase"]
[SourceDate "2016.10.25"]
[SourceVersion "1"]
[SourceVersionDate "2016.10.25"]
[SourceQuality "1"]
[WhiteTeam "Liege Crelel"]
[BlackTeam "Borgerhout"]
[WhiteTeamCountry "BEL"]
[BlackTeamCountry "BEL"]

1. d4 d5 2. c4 dxc4 3. Nf3 Nf6 4. e3 Bg4 5. Bxc4 e6 6. 0-0 Nbd7 7. Nc3 Bd6 8. Be2 0-0 9. h3 Bh5 10. e4 Bxf3 11. Bxf3 e5 12. d5 a5 13. Be3 Bc5 14. Qe2 a4 15. Rac1 Ra5 16. Bd2 c6 17. b3 axb3 18. axb3 Bd4 19. dxc6 bxc6 20. Qd3 Nc5 21. Qc2 Ra3 22. Na4 Rxb3 23. Nxc5 Rb2 24. Qd3 Bxc5 25. Qxd8 Rxd8 26. Rxc5 Rdxd2 27. Rxe5 g6 28. Re7 Nd7 29. Bg4 Nf6 30. Bf3 Nd7 31. Re8+ Kg7 32. e5 Rb8 33. Rxb8 Nxb8 34. Rb1 Nd7 35. e6 fxe6 36. Rb7 Kf6 37. Bxc6 Ne5 38. Be8 Rd8 39. Bb5 h5 40. Be2 Rd4 41. Rb6 Nd7 42. Rb1 Ne5 43. Rb6 Nd7 44. Rb1 Ne5 1/2-1/2

[Event "BEL-chT 1516"]
[Site "Belgium"]
[Date "2016.03.20"]
[Round "9.8"]
[White "Winterberg, Lukas"]
[Black "Veltkamp, Gerben"]
[Result "1/2-1/2"]
[WhiteElo "2293"]
[BlackElo "2139"]
[PlyCount "72"]
[EventDate "2015.09.27"]
[EventType "team-tourn"]
[EventRounds "11"]
[EventCountry "BEL"]
[SourceTitle "EXT 2017"]
[Source "ChessBase"]
[SourceDate "2016.10.25"]
[SourceVersion "1"]
[SourceVersionDate "2016.10.25"]
[SourceQuality "1"]
[WhiteTeam "Wirtzfeld"]
[BlackTeam "Borgerhout"]
[WhiteTeamCountry "BEL"]
[BlackTeamCountry "BEL"]

1. e4 e5 2. Nf3 Nc6 3. Bb5 f5 4. d3 Nf6 5. 0-0 fxe4 6. dxe4 Bc5 7. Bg5 d6 8. Qd3 0-0 9. Nc3 Kh8 10. Nd5 Nb4 11. Nxb4 Bxb4 12. Rad1 a6 13. Ba4 b5 14. Bb3 Bb7 15. c3 Bc5 16. Nd2 Qe8 17. Be3 Bxe3 18. Qxe3 Qg6 19. Rde1 Nh5 20. a4 Rf6 21. Kh1 Nf4 22. g3 Nh3 23. f3 c5 24. axb5 axb5 25. Bd5 Bxd5 26. exd5 h6 27. Ra1 Rxa1 28. Rxa1 Rf8 29. Ne4 Ng5 30. Nxg5 hxg5 31. Qe4 Qxe4 32. fxe4 Rf2 33. Ra8+ Kh7 34. Rd8 Rxb2 35. Rxd6 b4 36. cxb4 Rxb4 1/2-1/2

[Event "BEL-chT 1516"]
[Site "Belgium"]
[Date "2016.03.06"]
[Round "8.4"]
[White "Veltkamp, Gerben"]
[Black "Bitalzadeh, Ali"]
[Result "0-1"]
[WhiteElo "2139"]
[BlackElo "2400"]
[PlyCount "64"]
[EventDate "2015.09.27"]
[EventType "team-tourn"]
[EventRounds "11"]
[EventCountry "BEL"]
[SourceTitle "EXT 2017"]
[Source "ChessBase"]
[SourceDate "2016.10.25"]
[SourceVersion "1"]
[SourceVersionDate "2016.10.25"]
[SourceQuality "1"]
[WhiteTeam "Borgerhout"]
[BlackTeam "KGSRL"]
[WhiteTeamCountry "BEL"]
[BlackTeamCountry "BEL"]

1. e4 g6 2. d4 Bg7 3. Nf3 d6 4. h3 Nf6 5. Nc3 0-0 6. Be2 Nc6 7. Bg5 h6 8. Be3 e5 9. d5 Ne7 10. Qd2 Kh7 11. Nh2 Bd7 12. g4 b5 13. f3 b4 14. Nd1 a5 15. Nf2 c6 16. dxc6 Bxc6 17. g5 Nh5 18. 0-0-0 b3 19. Qxd6 Ng3 20. Bc4 Qxd6 21. Rxd6 Nxh1 22. Nxh1 bxc2 23. Ng4 Rad8 24. Nf6+ Bxf6 25. Rxf6 Ba4 26. b3 Ng8 27. Ra6 Rd1+ 28. Kxc2 Rxh1 29. bxa4 Rxh3 30. Rxa5 Rxf3 31. Bc5 Rc8 32. gxh6 Nf6 0-1

[Event "Gibraltar Masters 14th"]
[Site "Caleta"]
[Date "2016.01.28"]
[Round "3"]
[White "Siva, Mahadevan"]
[Black "Veltkamp, Gerben"]
[Result "1-0"]
[WhiteElo "2370"]
[BlackElo "2135"]
[PlyCount "43"]
[EventDate "2016.01.26"]
[EventType "swiss"]
[EventRounds "10"]
[EventCountry "GGB"]
[SourceTitle "CBM 171"]
[Source "ChessBase"]
[SourceDate "2016.03.14"]
[SourceVersion "2"]
[SourceVersionDate "2016.03.14"]
[SourceQuality "1"]

1. e4 e5 2. Nf3 Nc6 3. d4 exd4 4. Nxd4 Nf6 5. Nxc6 bxc6 6. Qe2 a5 7. Nc3 Ba6 8. Qf3 Bxf1 9. Rxf1 Bd6 10. Bf4 Qe7 11. 0-0-0 Be5 12. Bxe5 Qxe5 13. Qh3 Qf4+ 14. Kb1 Rb8 15. e5 Ng4 16. Rfe1 Rb4 17. f3 Rxb2+ 18. Kxb2 Qb4+ 19. Kc1 Qxc3 20. Qxg4 Qa3+ 21. Kd2 0-0 22. Qc4 1-0

[Event "BEL-chT 1516"]
[Site "Belgium"]
[Date "2015.10.11"]
[Round "2.8"]
[White "Spaan, Nathanael"]
[Black "Veltkamp, Gerben"]
[Result "1-0"]
[WhiteElo "2119"]
[BlackElo "2139"]
[PlyCount "71"]
[EventDate "2015.09.27"]
[EventType "team-tourn"]
[EventRounds "11"]
[EventCountry "BEL"]
[SourceTitle "CBM 168 Extra"]
[Source "ChessBase"]
[SourceDate "2015.10.29"]
[SourceVersion "1"]
[SourceVersionDate "2015.10.29"]
[SourceQuality "1"]
[WhiteTeam "TBCC"]
[BlackTeam "Borgerhout"]
[WhiteTeamCountry "BEL"]
[BlackTeamCountry "BEL"]

1. e4 e5 2. Nf3 Nc6 3. Bb5 f5 4. d3 Nf6 5. 0-0 fxe4 6. dxe4 Bc5 7. Qe2 Nd4 8. Nxd4 Bxd4 9. c3 Bb6 10. a4 c6 11. Bc4 d6 12. Be3 Bg4 13. f3 Bh5 14. Bxb6 Qxb6+ 15. Kh1 0-0-0 16. Be6+ Kb8 17. a5 Qc7 18. c4 Rhe8 19. Bf5 g6 20. Bh3 g5 21. Nc3 Bg6 22. Qe3 h6 23. b4 Bf7 24. Rfc1 Bxc4 25. b5 d5 26. b6 axb6 27. axb6 Qe7 28. Na4 Qb4 29. Rcb1 d4 30. Qc1 Bb3 31. Nc5 d3 32. Rxb3 d2 33. Qd1 Qxc5 34. Ra8+ Kxa8 35. Qa1+ Kb8 36. Qa7# 1-0

[Event "BEL-chT 1516"]
[Site "Belgium"]
[Date "2015.09.27"]
[Round "1.7"]
[White "Hammes, Michael"]
[Black "Veltkamp, Gerben"]
[Result "1/2-1/2"]
[WhiteElo "2340"]
[BlackElo "2139"]
[PlyCount "55"]
[EventDate "2015.09.27"]
[EventType "team-tourn"]
[EventRounds "11"]
[EventCountry "BEL"]
[SourceTitle "CBM 168 Extra"]
[Source "ChessBase"]
[SourceDate "2015.10.29"]
[SourceVersion "1"]
[SourceVersionDate "2015.10.29"]
[SourceQuality "1"]
[WhiteTeam "Eynatten"]
[BlackTeam "Borgerhout"]
[WhiteTeamCountry "BEL"]
[BlackTeamCountry "BEL"]

1. d4 d5 2. c4 Nc6 3. Nf3 Bg4 4. cxd5 Bxf3 5. dxc6 Bxc6 6. Nc3 e6 7. e4 Bb4 8. f3 Qh4+ 9. g3 Qf6 10. Be3 0-0-0 11. Bg2 Bc5 12. e5 Qe7 13. Qd2 f6 14. Qf2 Bb6 15. 0-0 Nh6 16. g4 f5 17. h3 Rhf8 18. d5 exd5 19. Bxb6 axb6 20. Qd4 Qc5 21. Rad1 f4 22. b4 Qxd4+ 23. Rxd4 g5 24. Re1 Ng8 25. Bf1 Ne7 26. Red1 Bd7 27. Nxd5 Nxd5 28. Rxd5 1/2-1/2

[Event "BEL-chT 1415"]
[Site "Belgium"]
[Date "2015.03.01"]
[Round "9.5"]
[White "Veltkamp, Gerben"]
[Black "Broekmeulen, Jasper"]
[Result "1/2-1/2"]
[WhiteElo "2171"]
[BlackElo "2425"]
[PlyCount "48"]
[EventDate "2014.09.28"]
[EventType "team-swiss"]
[EventRounds "11"]
[EventCountry "BEL"]
[SourceTitle "EXT 2016"]
[Source "ChessBase"]
[SourceDate "2015.10.08"]
[SourceVersion "1"]
[SourceVersionDate "2015.10.08"]
[SourceQuality "1"]
[WhiteTeam "Borgerhout"]
[BlackTeam "Amay"]
[WhiteTeamCountry "BEL"]
[BlackTeamCountry "BEL"]

1. e4 d5 2. exd5 Qxd5 3. Nc3 Qa5 4. d4 Nf6 5. Bd2 Qb6 6. Nf3 Bg4 7. h3 Bh5 8. Qe2 Nbd7 9. g4 Bg6 10. g5 Nh5 11. 0-0-0 0-0-0 12. d5 e5 13. dxe6 fxe6 14. Nh4 Kb8 15. Bg2 Bd6 16. Nxg6 hxg6 17. Na4 Qd4 18. Qb5 Nb6 19. Nxb6 Qxb6 20. Qxb6 axb6 21. Be4 Bf4 22. Bxg6 Rxd2 23. Rxd2 Bxg5 24. Bxh5 Rxh5 1/2-1/2

[Event "Gibraltar Masters 13th"]
[Site "Caleta"]
[Date "2015.02.01"]
[Round "6"]
[White "Veltkamp, Gerben"]
[Black "Bartel, Marta"]
[Result "0-1"]
[WhiteElo "2175"]
[BlackElo "2347"]
[PlyCount "66"]
[EventDate "2015.01.27"]
[EventType "swiss"]
[EventRounds "10"]
[EventCountry "GGB"]
[SourceTitle "CBM 165"]
[Source "ChessBase"]
[SourceDate "2015.03.11"]
[SourceVersion "1"]
[SourceVersionDate "2015.03.11"]
[SourceQuality "1"]

1. e4 g6 2. d4 Bg7 3. Nc3 c6 4. Be2 d6 5. Nf3 Nd7 6. 0-0 b5 7. a3 a6 8. Be3 Qc7 9. Qd2 Bb7 10. Rad1 h6 11. h3 Ngf6 12. e5 Nd5 13. Nxd5 cxd5 14. exd6 Qxd6 15. Bf4 Qb6 16. Rfe1 g5 17. Bg3 Nf6 18. Qb4 Ne4 19. Be5 f6 20. Bh2 h5 21. Nd2 f5 22. Nb3 0-0 23. f3 Nd6 24. a4 f4 25. h4 Nf5 26. hxg5 e5 27. Nc5 Qd8 28. dxe5 Ne3 29. Bd3 Qxg5 30. Rxe3 fxe3 31. Qd4 Rxf3 32. Nxb7 Rf2 33. g3 Qxe5 0-1

[Event "Gibraltar Masters 13th"]
[Site "Caleta"]
[Date "2015.01.31"]
[Round "5"]
[White "Byrn, Carsten"]
[Black "Veltkamp, Gerben"]
[Result "0-1"]
[WhiteElo "2044"]
[BlackElo "2175"]
[PlyCount "70"]
[EventDate "2015.01.27"]
[EventType "swiss"]
[EventRounds "10"]
[EventCountry "GGB"]
[SourceTitle "CBM 165"]
[Source "ChessBase"]
[SourceDate "2015.03.11"]
[SourceVersion "1"]
[SourceVersionDate "2015.03.11"]
[SourceQuality "1"]

1. d4 Nf6 2. c4 c5 3. d5 b5 4. Nf3 Bb7 5. Nbd2 bxc4 6. e4 e6 7. dxe6 fxe6 8. e5 c3 9. bxc3 Nd5 10. Ne4 Be7 11. c4 Nf4 12. Bxf4 Bxe4 13. Bd3 Bxd3 14. Qxd3 0-0 15. Bg3 Qa5+ 16. Qd2 Nc6 17. 0-0 Qxd2 18. Nxd2 Rab8 19. Nb3 a5 20. Rfd1 Rb7 21. Rab1 Rfb8 22. f4 g5 23. Nd2 Rb2 24. fxg5 Bxg5 25. Rxb2 Rxb2 26. Nf1 Nd4 27. h4 Bh6 28. Bf2 Ne2+ 29. Kh1 Nc3 30. Rxd7 Rxf2 31. Ng3 Bf4 32. Rd8+ Kf7 33. Rd3 Ne4 34. Ne2 Rf1+ 35. Ng1 Nf2# 0-1

[Event "Gibraltar Masters 13th"]
[Site "Caleta"]
[Date "2015.01.30"]
[Round "4"]
[White "Veltkamp, Gerben"]
[Black "Nilsen, Martin"]
[Result "1/2-1/2"]
[WhiteElo "2175"]
[BlackElo "2011"]
[PlyCount "212"]
[EventDate "2015.01.27"]
[EventType "swiss"]
[EventRounds "10"]
[EventCountry "GGB"]
[SourceTitle "CBM 165"]
[Source "ChessBase"]
[SourceDate "2015.03.11"]
[SourceVersion "1"]
[SourceVersionDate "2015.03.11"]
[SourceQuality "1"]

1. e4 e6 2. d4 d5 3. Nd2 Be7 4. Ngf3 Nf6 5. Bd3 c5 6. e5 Nfd7 7. c3 Nc6 8. 0-0 0-0 9. Re1 cxd4 10. cxd4 Qb6 11. Nb3 a5 12. a4 Nb4 13. Bb5 Nb8 14. Nc5 N8c6 15. Bg5 f6 16. exf6 Bxf6 17. Nxe6 Bxe6 18. Rxe6 Bxg5 19. Nxg5 Qxd4 20. Qxd4 Nxd4 21. Re7 Nxb5 22. axb5 h6 23. Nf3 Rf7 24. Re2 Rf4 25. Ra3 d4 26. g3 d3 27. Rxd3 Nxd3 28. gxf4 Rf8 29. Re7 Rxf4 30. Kg2 Rf7 31. Re8+ Kh7 32. b3 Rf5 33. Rd8 Nf4+ 34. Kg3 Nh5+ 35. Kg2 Rxb5 36. Nd4 Rb4 37. Kf3 Kg6 38. Ke3 a4 39. bxa4 Rxa4 40. Rd7 Ra3+ 41. Kd2 Nf6 42. Rxb7 Ra2+ 43. Ke3 Ng4+ 44. Kf4 Nxf2 45. Ne6 Nd3+ 46. Ke3 Ra3 47. Kd4 Nf2 48. Nf8+ Kf6 49. Nh7+ Kg6 50. Nf8+ Kf6 51. Nh7+ Kf5 52. Rxg7 Ng4 53. Nf8 Nxh2 54. Rf7+ Kg5 55. Ne6+ Kg6 56. Rf8 h5 57. Nf4+ Kg5 58. Nxh5 Nf3+ 59. Ke4 Nd2+ 60. Kd4 Kxh5 61. Rh8+ Kg4 62. Rg8+ Kf3 63. Rf8+ Ke2 64. Re8+ Kf2 65. Rf8+ Nf3+ 66. Kd5 Ke3 67. Re8+ Kd3 68. Rh8 Ra5+ 69. Kd6 Nd4 70. Rh1 Nf5+ 71. Kc6 Ke4 72. Re1+ Ne3 73. Rh1 Ra6+ 74. Kc5 Ra8 75. Kd6 Nf5+ 76. Kc5 Rc8+ 77. Kb4 Nd6 78. Re1+ Kd5 79. Rd1+ Ke5 80. Re1+ Ne4 81. Rh1 Nd2 82. Kb5 Nf3 83. Kb4 Kd5 84. Rh5+ Kd4 85. Kb5 Rb8+ 86. Kc6 Ne5+ 87. Kc7 Rg8 88. Rh1 Rg7+ 89. Kb6 Nc4+ 90. Kc6 Rg6+ 91. Kc7 Nb6 92. Rd1+ Kc5 93. Rc1+ Nc4 94. Kd7 Kd5 95. Rd1+ Ke4 96. Re1+ Ne3 97. Ra1 Ke5 98. Re1 Rd6+ 99. Kc7 Rd3 100. Kc6 Rc3+ 101. Kd7 Kd5 102. Rh1 Rd3 103. Rh5+ Nf5 104. Rxf5+ Ke4+ 105. Ke6 Rd6+ 106. Kxd6 Kxf5 1/2-1/2

[Event "Gibraltar Masters 13th"]
[Site "Caleta"]
[Date "2015.01.28"]
[Round "2"]
[White "Veltkamp, Gerben"]
[Black "Lobersli, Henrik Oie"]
[Result "1-0"]
[WhiteElo "2175"]
[BlackElo "1957"]
[PlyCount "45"]
[EventDate "2015.01.27"]
[EventType "swiss"]
[EventRounds "10"]
[EventCountry "GGB"]
[SourceTitle "CBM 165"]
[Source "ChessBase"]
[SourceDate "2015.03.11"]
[SourceVersion "1"]
[SourceVersionDate "2015.03.11"]
[SourceQuality "1"]

1. e4 e5 2. f4 exf4 3. Nc3 Qh4+ 4. Ke2 d6 5. Nf3 Qh5 6. Nd5 Na6 7. Kf2 c6 8. Nxf4 Qa5 9. d4 Ne7 10. c3 Ng6 11. Bc4 Be7 12. Rf1 0-0 13. Nxg6 hxg6 14. Kg1 Nc7 15. e5 Be6 16. Bd3 Rad8 17. Qe1 dxe5 18. Nxe5 c5 19. Bf4 Bd6 20. Qh4 Ne8 21. Bg5 Bxe5 22. Bxd8 Bc7 23. Bxg6 1-0